000 00653nam a2200241 i 4500
001 C2-0275663
003 PPAK
005 20180728004351.0
008 061106s2005 nyu |||| ||||| | eng d
020 _a1576601846
040 _aPPAK
_beng
_cPPAK
_erda
082 0 4 _a332.64524
_223
090 0 0 _a332.64524
_bNIC
_dR
100 1 _aNicholas, Joseph G.,
_eauthor
245 1 0 _aInvesting in hedge funds
264 1 _aNew York :
_bBloomberg Press ,
_c2005
300 _a316 pages ;
_c24 cm
336 _2rdacontent
_atext
337 _2rdamedia
_aunmediated
338 _2rdacarrier
_avolume
650 1 0 _aHedge funds - United State.
942 _ddc
_cB
999 _c83279
_d83279